000 00817nam a22002057a 4500
005 20240530110509.0
008 151025s2010 ua f 000 0 ara d
017 _a2010/24730
_bمصر . دار الكتب المصرية
040 _aEG-CaGPL
082 0 4 _221
_a320.54095694062
_bق/ف ن
100 0 _aفتحى عبدالعليم
245 1 2 _aالنشاط الصهيونى فى مصر من عام 1897 م الى 1948 م /
_cفتحى عبدالعليم ؛ تقديم عبدالقادر ياسين
250 _aط1
260 _aالقاهرة :
_bمكتبة جزيرة الورد ،
_c2010 .
300 _a168 ص ؛
_c24 سم .
650 0 4 _aالنشاط الصهيونى
_zمصر
651 0 4 _aمصر
_xتاريخ
_yالعصر الحديث
942 _2ddc
_cBK
999 _c61623
_d61623